<?xml version="1.0" encoding="UTF-8"?><?xml-stylesheet type="text/xsl" href="static/style.xsl"?><OAI-PMH xmlns="http://www.openarchives.org/OAI/2.0/" xmlns:xsi="http://www.w3.org/2001/XMLSchema-instance" xsi:schemaLocation="http://www.openarchives.org/OAI/2.0/ http://www.openarchives.org/OAI/2.0/OAI-PMH.xsd"><responseDate>2026-04-14T02:20:18Z</responseDate><request verb="GetRecord" identifier="oai:www.recercat.cat:10459.1/66091" metadataPrefix="marc">https://recercat.cat/oai/request</request><GetRecord><record><header><identifier>oai:recercat.cat:10459.1/66091</identifier><datestamp>2024-12-05T23:11:36Z</datestamp><setSpec>com_2072_3622</setSpec><setSpec>col_2072_478537</setSpec></header><metadata><record xmlns="http://www.loc.gov/MARC21/slim" xmlns:dcterms="http://purl.org/dc/terms/" xmlns:xsi="http://www.w3.org/2001/XMLSchema-instance" xmlns:doc="http://www.lyncode.com/xoai" xsi:schemaLocation="http://www.loc.gov/MARC21/slim http://www.loc.gov/standards/marcxml/schema/MARC21slim.xsd">
   <leader>00925njm 22002777a 4500</leader>
   <datafield ind2=" " ind1=" " tag="042">
      <subfield code="a">dc</subfield>
   </datafield>
   <datafield ind2=" " ind1=" " tag="720">
      <subfield code="a">Felipe Ferreruela, Saúl</subfield>
      <subfield code="e">author</subfield>
   </datafield>
   <datafield ind2=" " ind1=" " tag="260">
      <subfield code="c">2019-03-28T10:23:33Z</subfield>
   </datafield>
   <datafield ind2=" " ind1=" " tag="260">
      <subfield code="c">2019-03-28T10:23:33Z</subfield>
   </datafield>
   <datafield ind2=" " ind1=" " tag="260">
      <subfield code="c">2018</subfield>
   </datafield>
   <datafield ind2=" " ind1=" " tag="520">
      <subfield code="a">Debido  al  aumento  de  la  población  emigrante,  en  especial  de  la  musulmana  en  nuestro  país,  es  necesario   ofrecer  alternativas  para  garantizar  la  alimentación de niños escolarizados por  parte  de  las  empresas  de  catering  en  los  comedores escolares. &#xd;
El objetivo del  trabajo fue  evaluar la planificación ofertada a escolares musulmanes por una empresa de catering  comparándolo con la planificación basal, atendiendo a los requerimientos dietéticos y nutricionales para la población escolar. &#xd;
Se realizó un estudio observacional transversal de 724 menús. La información se recogió de fichas técnicas y se procesó a través del programa “Easy Diet®”. Se  calcularon promedios y desviación estándar. Con el objetivo de establecer la existencia de diferencias significativas se llevó a cabo un análisis  mediante herramientas estadísticas. &#xd;
Los resultados revelaron la existencia de diferencias significativas en la mayoría de las variables evaluadas destacando: energía, proteína animal, lípidos, ácidos grasos saturados y hierro, lo que permitió la formulación de propuestas de mejora. &#xd;
En general y a pesar de las restricciones de las planificaciones adaptadas se podría decir que éstas resultaron más equilibradas que las planificaciones basales.</subfield>
   </datafield>
   <datafield ind2=" " ind1=" " tag="520">
      <subfield code="a">A causa de l'augment de la població emigrant, especialment de la musulmana al nostre país, cal oferir alternatives per garantir l'alimentació de nens escolaritzats per part de les empreses de càtering als menjadors escolars. &#xd;
L'objectiu del treball va ser avaluar la planificació oferida a escolars musulmans per una empresa de càtering comparant-lo amb la planificació basal, atenent als requeriments dietètics i nutricionals per a la població escolar. &#xd;
Es va realitzar un estudi observacional transversal de 724 menús. La informació es va recollir de fitxes tècniques i es va processar a través del programa "Easy Diet®". Es van calcular mitjanes i desviació estàndard. Amb l'objectiu d'establir l'existència de diferències significatives es va dur a terme una anàlisi mitjançant eines estadístiques. &#xd;
Els resultats van revelar l'existència de diferències significatives en la majoria de les &#xd;
variables avaluades destacant: energia, proteïna animal, lípids, àcids grassos saturats i ferro, el que va permetre la formulació de propostes de millora. &#xd;
En general i malgrat les restriccions de les planificacions adaptades es podria dir que aquestes van resultar més equilibrades que les planificacions basals.</subfield>
   </datafield>
   <datafield ind2=" " ind1=" " tag="520">
      <subfield code="a">Due to the increase of the emigrant population, especially of the Muslim population in our country, it is necessary to offer alternatives to guarantee the feeding of school children by the catering companies in the school canteens. &#xd;
The objective of the work was to evaluate the planning offered to Muslim schoolchildren by a catering company comparing it with the basal planning, taking into account the dietary and nutritional requirements for the school population. &#xd;
An observational cross-sectional study of 724 menus was carried out. The information was collected from technical data sheets and processed through the "Easy Diet®" program. Averages and standard deviation were calculated. In order to establish the existence of significant differences, an analysis was carried out using statistical tools. &#xd;
The results revealed the existence of significant differences in most of the variables evaluated, highlighting: energy, animal protein, lipids, saturated fatty acids and iron, which allowed the formulation of improvement proposals. &#xd;
In general, and despite the restrictions of the adapted plans, it could be said that these were more balanced than the baseline schedules.</subfield>
   </datafield>
   <datafield ind1="8" ind2=" " tag="024">
      <subfield code="a">http://hdl.handle.net/10459.1/66091</subfield>
   </datafield>
   <datafield tag="653" ind2=" " ind1=" ">
      <subfield code="a">Catering</subfield>
   </datafield>
   <datafield tag="653" ind2=" " ind1=" ">
      <subfield code="a">Comedor escolar</subfield>
   </datafield>
   <datafield tag="653" ind2=" " ind1=" ">
      <subfield code="a">Evaluación</subfield>
   </datafield>
   <datafield tag="653" ind2=" " ind1=" ">
      <subfield code="a">Diferencias</subfield>
   </datafield>
   <datafield tag="653" ind2=" " ind1=" ">
      <subfield code="a">Alimentación Halal</subfield>
   </datafield>
   <datafield tag="653" ind2=" " ind1=" ">
      <subfield code="a">Càtering</subfield>
   </datafield>
   <datafield tag="653" ind2=" " ind1=" ">
      <subfield code="a">Menjador escolar</subfield>
   </datafield>
   <datafield tag="653" ind2=" " ind1=" ">
      <subfield code="a">Avaluació</subfield>
   </datafield>
   <datafield tag="653" ind2=" " ind1=" ">
      <subfield code="a">Diferències</subfield>
   </datafield>
   <datafield tag="653" ind2=" " ind1=" ">
      <subfield code="a">Alimentació Halal</subfield>
   </datafield>
   <datafield tag="653" ind2=" " ind1=" ">
      <subfield code="a">School canteen</subfield>
   </datafield>
   <datafield tag="653" ind2=" " ind1=" ">
      <subfield code="a">Evaluation</subfield>
   </datafield>
   <datafield tag="653" ind2=" " ind1=" ">
      <subfield code="a">Differences</subfield>
   </datafield>
   <datafield tag="653" ind2=" " ind1=" ">
      <subfield code="a">Halal food</subfield>
   </datafield>
   <datafield tag="653" ind2=" " ind1=" ">
      <subfield code="a">Serveis d'àpats</subfield>
   </datafield>
   <datafield tag="653" ind2=" " ind1=" ">
      <subfield code="a">Menjadors escolars</subfield>
   </datafield>
   <datafield tag="653" ind2=" " ind1=" ">
      <subfield code="a">Musulmans -- Alimentació</subfield>
   </datafield>
   <datafield tag="653" ind2=" " ind1=" ">
      <subfield code="a">Aliments -- Aspectes religiosos -- Islamisme</subfield>
   </datafield>
   <datafield ind2="0" ind1="0" tag="245">
      <subfield code="a">Evaluación dietético-nutricional de los menús ofertados a escolares musulmanes elaborados por un servicio de catering</subfield>
   </datafield>
</record></metadata></record></GetRecord></OAI-PMH>